[Event "HUN-chT2 Maroczy 1819"]
[Site "Hungary"]
[Date "2019.03.31"]
[Round "10.6"]
[White "Sarosi, Zoltan"]
[Black "Havasi, Janos"]
[Result "0-1"]
[WhiteElo "2232"]
[BlackElo "2131"]
[PlyCount "92"]
[EventDate "2018.09.23"]
[EventType "team-tourn"]
[EventRounds "11"]
[EventCountry "HUN"]
[SourceTitle "EXT 2021"]
[Source "ChessBase"]
[SourceDate "2020.10.23"]
[SourceVersion "1"]
[SourceVersionDate "2020.10.23"]
[SourceQuality "1"]
[WhiteTeam "Toth Laszlo"]
[BlackTeam "Budapest Vasas"]
[WhiteTeamCountry "HUN"]
[BlackTeamCountry "HUN"]

1. d4 Nf6 2. c4 g6 3. Nc3 Bg7 4. e4 d6 5. Be2 0-0 6. Nf3 Na6 7. 0-0 c5 8. d5 Nc7 9. h3 a6 10. a4 Rb8 11. Qc2 Bd7 12. a5 b5 13. axb6 Rxb6 14. Ra2 Nfe8 15. Bg5 h6 16. Be3 g5 17. h4 g4 18. Nh2 f5 19. exf5 Bxf5 20. Bd3 e6 21. g3 Qf6 22. Bxf5 Qxf5 23. Qxf5 exf5 24. Na4 Rb4 25. Rc1 Rf7 26. Nf1 Nf6 27. Bd2 Rb8 28. Nc3 Nd7 29. Be3 Ne5 30. Na4 h5 31. Ra3 Nf3+ 32. Kg2 Be5 33. Nd2 Nxd2 34. Bxd2 f4 35. gxf4 Bxf4 36. Rc2 Re8 37. Ba5 Re4 38. Rd3 Ne8 39. Nc3 Rxc4 40. Re2 Nf6 41. Bd8 Be5 42. Bxf6 Rxf6 43. Ne4 Rf4 44. Ng3 Rfd4 45. Ra3 Rxd5 46. Rxa6 Rd1 0-1

[Event "HUN-chT2 Maroczy 1819"]
[Site "Hungary"]
[Date "2019.01.27"]
[Round "6.5"]
[White "Sarosi, Zoltan"]
[Black "Hegyesi, Zoltan"]
[Result "1/2-1/2"]
[WhiteElo "2232"]
[BlackElo "2172"]
[PlyCount "152"]
[EventDate "2018.09.23"]
[EventType "team-tourn"]
[EventRounds "11"]
[EventCountry "HUN"]
[SourceTitle "EXT 2020"]
[Source "ChessBase"]
[SourceDate "2019.10.17"]
[SourceVersion "1"]
[SourceVersionDate "2019.10.17"]
[SourceQuality "1"]
[WhiteTeam "Toth Laszlo"]
[BlackTeam "Kisujszallas"]
[WhiteTeamCountry "HUN"]
[BlackTeamCountry "HUN"]

1. d4 d5 2. c4 c6 3. Nf3 Nf6 4. Nc3 a6 5. c5 Bf5 6. Bf4 Nbd7 7. h3 h6 8. e3 e6 9. Be2 Be7 10. 0-0 0-0 11. b4 Ne4 12. Nxe4 Bxe4 13. a4 Bf6 14. Bd6 Be7 15. Bh2 Bf6 16. Qd2 Re8 17. Qc3 Qc8 18. Ra3 Bd8 19. Nd2 Bc7 20. Bxc7 Qxc7 21. f4 Bh7 22. Bf3 Bf5 23. Raa1 Nf6 24. g4 Bg6 25. Kg2 Qd7 26. Kf2 Be4 27. Be2 Reb8 28. a5 Bg6 29. Rg1 Qe7 30. Bf3 Ne4+ 31. Bxe4 Bxe4 32. Nxe4 dxe4 33. g5 g6 34. Qc2 Rd8 35. Qxe4 Rd5 36. h4 h5 37. Rad1 Rad8 38. Rd3 Kh7 39. Ke2 Qe8 40. Kd2 Kg7 41. Kc3 Kh7 42. Qf3 R5d7 43. e4 Qh8 44. Rgd1 Re7 45. Kb3 Qe8 46. R1d2 Kg8 47. Kc2 Rdd7 48. Qe2 Qb8 49. Rf3 Qc8 50. Qc4 Rd8 51. Kc3 Rde8 52. Kc2 Qd7 53. Rdf2 Rd8 54. Kc3 Qe8 55. Rf1 Rdd7 56. Re1 Rd8 57. Rfe3 Qd7 58. R1e2 Qe8 59. Qd3 Qd7 60. f5 exf5 61. exf5 Rxe3 62. Rxe3 gxf5 63. Re5 Re8 64. Rxf5 Re3 65. Qxe3 Qxf5 66. Qd3 Qg4 67. d5 cxd5 68. Qxd5 Qg3+ 69. Kc2 Qf2+ 70. Kb3 Qe3+ 71. Kc4 Qc1+ 72. Kd4 Qb2+ 73. Ke3 Qxb4 74. Qd8+ Kh7 75. Qd3+ Kg8 76. Qd8+ Kh7 1/2-1/2

[Event "HUN-chT2 Maroczy 1718"]
[Site "Hungary"]
[Date "2017.10.29"]
[Round "1.6"]
[White "Sarosi, Zoltan"]
[Black "Szajbely, Zsigmond"]
[Result "0-1"]
[WhiteElo "2211"]
[BlackElo "2272"]
[PlyCount "76"]
[EventDate "2017.10.29"]
[EventType "team-tourn"]
[EventRounds "9"]
[EventCountry "HUN"]
[SourceTitle "EXT 2021"]
[Source "ChessBase"]
[SourceDate "2020.10.23"]
[SourceVersion "1"]
[SourceVersionDate "2020.10.23"]
[SourceQuality "1"]
[WhiteTeam "Toth Laszlo"]
[BlackTeam "Szeged Maroczy"]
[WhiteTeamCountry "HUN"]
[BlackTeamCountry "HUN"]

1. d4 Nf6 2. c4 c5 3. d5 b5 4. Nf3 g6 5. Qc2 d6 6. e4 b4 7. Be2 Bg7 8. 0-0 a5 9. a4 bxa3 10. Rxa3 Na6 11. e5 Nb4 12. Qa4+ Bd7 13. Qd1 dxe5 14. Nxe5 Bf5 15. Qa4+ Kf8 16. Nd3 Nd7 17. Qd1 Ne5 18. Nxe5 Bxe5 19. Bh6+ Kg8 20. Nc3 Qb8 21. g4 Bc2 22. Qd2 Bxh2+ 23. Kg2 Be5 24. Rc1 g5 25. Bxg5 h5 26. gxh5 Bf5 27. f4 Bd4 28. Nb5 f6 29. Nxd4 cxd4 30. Rg3 Kf7 31. Bh4 d3 32. Bf3 Nc2 33. Kh2 Nd4 34. Bd1 Be4 35. Rxd3 Bxd3 36. Qxd3 Qxf4+ 37. Bg3 Qxc1 38. Qxd4 Qg5 0-1

[Event "Kecskemet Caissa IM 12"]
[Site "Kecskemet"]
[Date "2014.12.23"]
[Round "8"]
[White "Fang, Yuxiang"]
[Black "Sarosi, Zoltan"]
[Result "1/2-1/2"]
[WhiteElo "2295"]
[BlackElo "2230"]
[PlyCount "100"]
[EventDate "2014.12.16"]
[EventType "tourn"]
[EventRounds "10"]
[EventCountry "HUN"]
[SourceTitle "CBM 164 Extra"]
[Source "ChessBase"]
[SourceDate "2015.03.02"]
[SourceVersion "1"]
[SourceVersionDate "2015.03.02"]
[SourceQuality "1"]

1. Nf3 Nf6 2. c4 e6 3. d4 d5 4. cxd5 exd5 5. Nc3 c6 6. Bg5 Be7 7. Qc2 g6 8. e3 Bf5 9. Bd3 Bxd3 10. Qxd3 Nbd7 11. 0-0 0-0 12. Rab1 a5 13. Qc2 Re8 14. a3 Ne4 15. Bxe7 Qxe7 16. b4 axb4 17. axb4 Ra3 18. Rb3 Rea8 19. h3 Nb6 20. Rxa3 Rxa3 21. Nxe4 Qxe4 22. Qxe4 dxe4 23. Nd2 f5 24. Rb1 Ra2 25. b5 Nd5 26. Nc4 f4 27. exf4 Nxf4 28. b6 Ne2+ 29. Kh2 Nxd4 30. Nd6 Nb5 31. Nxe4 Ra6 32. Rd1 Rxb6 33. Rd7 h5 34. Kg3 Na3 35. Nc5 Nc4 36. Nxb7 Ne5 37. Rc7 g5 38. h4 Rb3+ 39. f3 g4 40. Nc5 Ra3 41. Re7 Ng6 42. Re6 Kf7 43. Rxc6 gxf3 44. Rc7+ Kg8 45. gxf3 Ne5 46. Ne6 Rxf3+ 47. Kg2 Rf6 48. Rg7+ Kh8 49. Re7 Ng6 50. Re8+ Kh7 1/2-1/2

[Event "Kecskemet Caissa IM 12"]
[Site "Kecskemet"]
[Date "2014.12.21"]
[Round "6"]
[White "Sarosi, Zoltan"]
[Black "Keresztes, Mark"]
[Result "1-0"]
[WhiteElo "2230"]
[BlackElo "2025"]
[PlyCount "55"]
[EventDate "2014.12.16"]
[EventType "tourn"]
[EventRounds "10"]
[EventCountry "HUN"]
[SourceTitle "CBM 164 Extra"]
[Source "ChessBase"]
[SourceDate "2015.03.02"]
[SourceVersion "1"]
[SourceVersionDate "2015.03.02"]
[SourceQuality "1"]

1. d4 Nf6 2. c4 e6 3. Nc3 Bb4 4. Bg5 c5 5. a3 Bxc3+ 6. bxc3 Qa5 7. Bd2 Nc6 8. Nf3 0-0 9. Qc2 b6 10. e4 d6 11. Bd3 e5 12. d5 Ne7 13. Nh4 a6 14. 0-0 b5 15. f4 exf4 16. Bxf4 Qc7 17. Rae1 Nd7 18. e5 Nxe5 19. Bxh7+ Kh8 20. Bxe5 dxe5 21. Be4 Rb8 22. Qd2 Kg8 23. Qg5 g6 24. Bxg6 Nxg6 25. Nxg6 fxg6 26. Qxg6+ Qg7 27. Rxf8+ Kxf8 28. Qd6+ 1-0

[Event "Kecskemet Caissa IM 12"]
[Site "Kecskemet"]
[Date "2014.12.16"]
[Round "1"]
[White "Keresztes, Mark"]
[Black "Sarosi, Zoltan"]
[Result "1/2-1/2"]
[WhiteElo "2025"]
[BlackElo "2230"]
[PlyCount "27"]
[EventDate "2014.12.16"]
[EventType "tourn"]
[EventRounds "10"]
[EventCountry "HUN"]
[SourceTitle "CBM 164 Extra"]
[Source "ChessBase"]
[SourceDate "2015.03.02"]
[SourceVersion "1"]
[SourceVersionDate "2015.03.02"]
[SourceQuality "1"]

1. c4 c5 2. Nc3 Nc6 3. e4 Nf6 4. g3 g6 5. Bg2 Bg7 6. Nge2 e5 7. 0-0 0-0 8. d3 d6 9. Be3 Rb8 10. Qd2 a6 11. Rad1 b5 12. b3 Bd7 13. h3 Qc8 14. Kh2 1/2-1/2

[Event "Kecskemet Caissa IM 09"]
[Site "Kecskemet"]
[Date "2014.09.28"]
[Round "9"]
[White "Sarosi, Zoltan"]
[Black "Lyell, Mark"]
[Result "1-0"]
[WhiteElo "2234"]
[BlackElo "2228"]
[PlyCount "97"]
[EventDate "2014.09.20"]
[EventType "tourn"]
[EventRounds "10"]
[EventCountry "HUN"]
[SourceTitle "CBM 162 Extra"]
[Source "ChessBase"]
[SourceDate "2014.10.17"]
[SourceVersion "1"]
[SourceVersionDate "2014.10.17"]
[SourceQuality "1"]

1. d4 f5 2. g3 Nf6 3. Bg2 e6 4. c4 d5 5. Nf3 c6 6. 0-0 Bd6 7. b3 Qe7 8. Bb2 0-0 9. Qc1 b5 10. Nbd2 bxc4 11. bxc4 Nbd7 12. Ne5 Bb7 13. Qc2 Rfc8 14. Nxd7 Nxd7 15. c5 Bc7 16. f4 Ba6 17. Nb3 Bc4 18. Bc3 Nf6 19. Na5 Bxa5 20. Bxa5 Ng4 21. Qd2 Qb7 22. Bf3 Nf6 23. Rfb1 Qa6 24. Rb2 Rab8 25. Rab1 Rxb2 26. Rxb2 Nd7 27. g4 Kf7 28. g5 Rb8 29. Rxb8 Nxb8 30. Kf2 Qb5 31. Bc7 Na6 32. Bd6 Qb4 33. Qe3 Qa5 34. a3 Qd8 35. Qe5 Qd7 36. h4 Kg8 37. h5 Qf7 38. Kg3 h6 39. Kh4 Ba2 40. Kh3 Bc4 41. Qe3 Qe8 42. Qg1 Kh7 43. Be5 Qg8 44. Qg3 hxg5 45. fxg5 Qc8 46. g6+ Kg8 47. Qf4 Qf8 48. h6 gxh6 49. g7 1-0

[Event "Kecskemet Caissa IM 09"]
[Site "Kecskemet"]
[Date "2014.09.26"]
[Round "7"]
[White "Sarosi, Zoltan"]
[Black "Nomin Erdene, Davaademberel"]
[Result "0-1"]
[WhiteElo "2234"]
[BlackElo "2069"]
[PlyCount "92"]
[EventDate "2014.09.20"]
[EventType "tourn"]
[EventRounds "10"]
[EventCountry "HUN"]
[SourceTitle "CBM 162 Extra"]
[Source "ChessBase"]
[SourceDate "2014.10.17"]
[SourceVersion "1"]
[SourceVersionDate "2014.10.17"]
[SourceQuality "1"]

1. d4 d5 2. Nf3 Nf6 3. c4 dxc4 4. Nc3 a6 5. e4 b5 6. e5 Nd5 7. a4 Bb7 8. e6 fxe6 9. g3 Nxc3 10. bxc3 c5 11. Bg2 cxd4 12. cxd4 g6 13. 0-0 Bg7 14. Qe2 Qb6 15. Bg5 Bd5 16. axb5 axb5 17. Rxa8 Bxa8 18. Rb1 Nd7 19. Qb2 0-0 20. Ne5 Nxe5 21. dxe5 Bxg2 22. Kxg2 Rb8 23. Bd2 Qc5 24. f4 g5 25. Bb4 Qd5+ 26. Kg1 gxf4 27. gxf4 Qe4 28. Rf1 Kh8 29. Qg2 Qd4+ 30. Qf2 Qd5 31. h3 Ra8 32. Re1 Qd3 33. Kh2 Qb3 34. Bxe7 c3 35. Re2 Qc4 36. Qf3 Ra2 37. Rxa2 Qxa2+ 38. Kg3 c2 39. Qc6 h6 40. Bf6 Qa3+ 41. Kg4 c1Q 42. Bxg7+ Kxg7 43. Qd7+ Kf8 44. Qd8+ Kf7 45. Qf6+ Ke8 46. Qxe6+ Qe7 0-1

[Event "HUN-chT2 Maroczy 1314"]
[Site "Hungary"]
[Date "2014.04.13"]
[Round "10"]
[White "Sarosi, Zoltan"]
[Black "Hegyesi, Zoltan"]
[Result "1/2-1/2"]
[WhiteElo "2265"]
[BlackElo "2202"]
[PlyCount "38"]
[EventDate "2013.09.08"]
[EventType "team-tourn"]
[EventRounds "11"]
[EventCountry "HUN"]
[SourceTitle "EXT 2016"]
[Source "ChessBase"]
[SourceDate "2015.10.08"]
[SourceVersion "1"]
[SourceVersionDate "2015.10.08"]
[SourceQuality "1"]
[WhiteTeam "Toth Laszlo"]
[BlackTeam "Kisujszallas"]
[WhiteTeamCountry "HUN"]
[BlackTeamCountry "HUN"]

1. d4 d5 2. c4 c6 3. Nf3 Nf6 4. Nc3 a6 5. c5 g6 6. Bf4 Bg7 7. e3 0-0 8. h3 Nbd7 9. Be2 Ne8 10. 0-0 Nc7 11. b4 Re8 12. Bg5 f5 13. Qb3 h6 14. Bh4 g5 15. Bg3 e5 16. dxe5 Nxe5 17. Nxe5 Bxe5 18. Bxe5 Rxe5 19. Bd3 Be6 1/2-1/2

[Event "Kecskemet Caissa IM 03"]
[Site "Kecskemet"]
[Date "2014.03.25"]
[Round "10"]
[White "Farkas, Tibor"]
[Black "Sarosi, Zoltan"]
[Result "1/2-1/2"]
[WhiteElo "2248"]
[BlackElo "2237"]
[PlyCount "38"]
[EventDate "2014.03.17"]
[EventType "tourn"]
[EventRounds "10"]
[EventCountry "HUN"]
[SourceTitle "CBM 159 Extra"]
[Source "ChessBase"]
[SourceDate "2014.04.24"]
[SourceVersion "1"]
[SourceVersionDate "2014.04.24"]
[SourceQuality "1"]

1. e4 e5 2. Nf3 Nc6 3. Bb5 a6 4. Ba4 Nf6 5. 0-0 Be7 6. Re1 b5 7. Bb3 d6 8. c3 0-0 9. h3 Be6 10. d4 Bxb3 11. Qxb3 d5 12. exd5 Na5 13. Qc2 exd4 14. cxd4 Nxd5 15. Nc3 c6 16. Ne4 Rc8 17. b3 Re8 18. Bb2 Bf8 19. a3 h6 1/2-1/2

[Event "Kecskemet Caissa IM 03"]
[Site "Kecskemet"]
[Date "2014.03.24"]
[Round "9"]
[White "Sarosi, Zoltan"]
[Black "Becskei, Zoltan"]
[Result "1/2-1/2"]
[WhiteElo "2237"]
[BlackElo "2362"]
[PlyCount "20"]
[EventDate "2014.03.17"]
[EventType "tourn"]
[EventRounds "10"]
[EventCountry "HUN"]
[SourceTitle "CBM 159 Extra"]
[Source "ChessBase"]
[SourceDate "2014.04.24"]
[SourceVersion "1"]
[SourceVersionDate "2014.04.24"]
[SourceQuality "1"]

1. Nf3 Nf6 2. g3 d5 3. Bg2 c6 4. b3 Bg4 5. Ne5 Bf5 6. Bb2 e6 7. d4 Nbd7 8. 0-0 Be7 9. c4 0-0 10. Nc3 Nxe5 1/2-1/2

[Event "Kecskemet Caissa IM 03"]
[Site "Kecskemet"]
[Date "2014.03.18"]
[Round "2"]
[White "Hajnal, Zoltan"]
[Black "Sarosi, Zoltan"]
[Result "1-0"]
[WhiteElo "2368"]
[BlackElo "2237"]
[PlyCount "75"]
[EventDate "2014.03.17"]
[EventType "tourn"]
[EventRounds "10"]
[EventCountry "HUN"]
[SourceTitle "CBM 159 Extra"]
[Source "ChessBase"]
[SourceDate "2014.04.24"]
[SourceVersion "1"]
[SourceVersionDate "2014.04.24"]
[SourceQuality "1"]

1. e4 d5 2. exd5 Nf6 3. d4 Nxd5 4. Nf3 Bg4 5. Be2 e6 6. 0-0 Be7 7. c4 Nb6 8. Nc3 0-0 9. Be3 Nc6 10. b3 Bf6 11. Ne4 Bxf3 12. Nxf6+ Qxf6 13. Bxf3 Rad8 14. Bxc6 bxc6 15. Qh5 Qf5 16. Qxf5 exf5 17. Rfe1 Rfe8 18. Bf4 Rxe1+ 19. Rxe1 h6 20. Bxc7 Rxd4 21. Re8+ Kh7 22. g3 Rd2 23. a4 Rd3 24. a5 Nd7 25. Ra8 Rxb3 26. Rxa7 Rc3 27. Bd6 Nf6 28. Rxf7 Kg6 29. Rb7 Ne4 30. Be5 Rc1+ 31. Kg2 Rc2 32. Rxg7+ Kh5 33. Bd4 Rxc4 34. Bb6 Ra4 35. h3 Ra2 36. g4+ fxg4 37. hxg4+ Kh4 38. Rg6 1-0

[Event "Kecskemet Caissa IM 03"]
[Site "Kecskemet"]
[Date "2014.03.17"]
[Round "1"]
[White "Dauletova, Gulmira"]
[Black "Sarosi, Zoltan"]
[Result "1/2-1/2"]
[WhiteElo "2246"]
[BlackElo "2237"]
[PlyCount "88"]
[EventDate "2014.03.17"]
[EventType "tourn"]
[EventRounds "10"]
[EventCountry "HUN"]
[SourceTitle "CBM 159 Extra"]
[Source "ChessBase"]
[SourceDate "2014.04.24"]
[SourceVersion "1"]
[SourceVersionDate "2014.04.24"]
[SourceQuality "1"]

1. e4 c5 2. Nf3 a6 3. c4 Nc6 4. d4 cxd4 5. Nxd4 e5 6. Nb3 Nf6 7. Bd3 a5 8. 0-0 a4 9. N3d2 Bc5 10. Nc3 a3 11. Nb3 axb2 12. Bxb2 d6 13. Nd5 b6 14. Nxc5 bxc5 15. f4 Nd7 16. Qh5 h6 17. Rf2 0-0 18. Raf1 f6 19. f5 Rxa2 20. Bb1 Ra4 21. Bc1 Qe8 22. Qg4 h5 23. Qd1 Ra7 24. Rf3 Nd4 25. Rh3 Rb7 26. Bd3 Nb6 27. Nxb6 Rxb6 28. Rxh5 Rb3 29. Rh3 Ba6 30. Be3 Qb8 31. Bxd4 exd4 32. Qh5 Qe8 33. Qh7+ Kf7 34. Qg6+ Kg8 35. Qh7+ Kf7 36. Rg3 Rg8 37. Be2 Qb8 38. Qg6+ Ke7 39. h4 Rxg3 40. Qxg3 d5 41. Qa3 Bxc4 42. Qxc5+ Qd6 43. Qa7+ Qd7 44. Qc5+ Qd6 1/2-1/2

[Event "Kecskemet Caissa IM 02"]
[Site "Kecskemet"]
[Date "2014.02.19"]
[Round "5"]
[White "Becskei, Zoltan"]
[Black "Sarosi, Zoltan"]
[Result "1-0"]
[WhiteElo "2321"]
[BlackElo "2244"]
[PlyCount "131"]
[EventDate "2014.02.15"]
[EventType "tourn"]
[EventRounds "10"]
[EventCountry "HUN"]
[EventCategory "1"]
[SourceTitle "CBM 159 Extra"]
[Source "ChessBase"]
[SourceDate "2014.04.24"]
[SourceVersion "1"]
[SourceVersionDate "2014.04.24"]
[SourceQuality "1"]

1. e4 c6 2. d4 d5 3. e5 Bf5 4. Nd2 e6 5. Nb3 Nd7 6. Nf3 Bg4 7. Be2 Ne7 8. 0-0 Nf5 9. h3 Bxf3 10. Bxf3 Be7 11. Be2 c5 12. c3 a6 13. Bg4 g6 14. Bxf5 gxf5 15. Qh5 h6 16. Be3 Qc7 17. Rac1 Rh7 18. Kh1 c4 19. Nd2 0-0-0 20. f4 Rg8 21. Rg1 Rg3 22. Nf1 Rg6 23. g4 fxg4 24. hxg4 Nf8 25. Nh2 Rgg7 26. Rcf1 Qd7 27. Rf2 Kb8 28. Bc1 Ka7 29. Qh3 Qa4 30. a3 Qd7 31. Nf3 Bd8 32. Rh2 Ka8 33. Qf1 f5 34. exf6 Bxf6 35. Be3 Qe8 36. Nd2 Nd7 37. Qf3 Bd8 38. f5 exf5 39. gxf5 Rxg1+ 40. Bxg1 Nf6 41. Re2 Re7 42. Rxe7 Qxe7 43. Qf4 Nh5 44. Qg4 Qg5 45. Qxg5 Bxg5 46. Nf1 Bc1 47. Bh2 Bxb2 48. Be5 Bxc3 49. Ne3 Bb2 50. Nc2 Bc1 51. f6 Nxf6 52. Bxf6 b5 53. Be7 Kb7 54. Bc5 a5 55. Kg2 Kc6 56. Kf3 b4 57. axb4 a4 58. Ke2 Kb5 59. Kd1 Bb2 60. Ne3 a3 61. Kc2 h5 62. Nxd5 h4 63. Nc3+ Bxc3 64. Kxc3 h3 65. Bd6 Kc6 66. Be5 1-0

[Event "Kecskemet Caissa IM 02"]
[Site "Kecskemet"]
[Date "2014.02.15"]
[Round "1"]
[White "Sarosi, Zoltan"]
[Black "Farkas, Tibor"]
[Result "1/2-1/2"]
[WhiteElo "2244"]
[BlackElo "2245"]
[PlyCount "30"]
[EventDate "2014.02.15"]
[EventType "tourn"]
[EventRounds "10"]
[EventCountry "HUN"]
[EventCategory "1"]
[SourceTitle "CBM 159 Extra"]
[Source "ChessBase"]
[SourceDate "2014.04.24"]
[SourceVersion "1"]
[SourceVersionDate "2014.04.24"]
[SourceQuality "1"]

1. d4 Nf6 2. c4 g6 3. Nf3 Bg7 4. Nc3 0-0 5. e4 d6 6. Be2 e5 7. 0-0 Nc6 8. d5 Ne7 9. Bg5 h6 10. Bxf6 Bxf6 11. b4 a5 12. a3 Bg7 13. Nd2 axb4 14. axb4 Rxa1 15. Qxa1 f5 1/2-1/2

[Event "Kecskemet Caissa IM 12"]
[Site "Kecskemet"]
[Date "2014.01.01"]
[Round "6"]
[White "Sarosi, Zoltan"]
[Black "Fang, Yuxiang"]
[Result "1/2-1/2"]
[WhiteElo "2250"]
[BlackElo "2189"]
[PlyCount "38"]
[EventDate "2013.12.27"]
[EventType "tourn"]
[EventRounds "9"]
[EventCountry "HUN"]
[SourceTitle "CBM 158 Extra"]
[Source "ChessBase"]
[SourceDate "2014.02.28"]
[SourceVersion "1"]
[SourceVersionDate "2014.02.28"]
[SourceQuality "1"]

1. d4 d5 2. Nf3 Nf6 3. c4 c6 4. Nc3 a6 5. c5 Bf5 6. Bf4 Nbd7 7. e3 e6 8. Be2 Be7 9. 0-0 0-0 10. b4 Qc8 11. Qb3 h6 12. h3 Bd8 13. Bd6 Re8 14. Ne5 Bc7 15. Bxc7 Qxc7 16. f4 Ne4 17. Nxe4 Bxe4 18. Bd3 Nf6 19. Ng4 Nxg4 1/2-1/2

[Event "Kecskemet Caissa IM 12"]
[Site "Kecskemet"]
[Date "2013.12.24"]
[Round "10"]
[White "Meszaros, Andras"]
[Black "Sarosi, Zoltan"]
[Result "1/2-1/2"]
[WhiteElo "2295"]
[BlackElo "2250"]
[PlyCount "24"]
[EventDate "2013.12.17"]
[EventType "tourn"]
[EventRounds "10"]
[EventCountry "HUN"]
[EventCategory "2"]
[SourceTitle "CBM 158 Extra"]
[Source "ChessBase"]
[SourceDate "2014.02.28"]
[SourceVersion "1"]
[SourceVersionDate "2014.02.28"]
[SourceQuality "1"]

1. d4 Nf6 2. c4 e6 3. Nf3 d5 4. g3 a6 5. Bg2 dxc4 6. 0-0 b5 7. Ne5 Nd5 8. e4 Nf6 9. b3 cxb3 10. axb3 Bb7 11. Qc2 Bd6 12. Bf4 0-0 1/2-1/2

[Event "Kecskemet Caissa IM 12"]
[Site "Kecskemet"]
[Date "2013.12.22"]
[Round "8"]
[White "Sarosi, Zoltan"]
[Black "Li, Bo"]
[Result "0-1"]
[WhiteElo "2250"]
[BlackElo "2373"]
[PlyCount "92"]
[EventDate "2013.12.17"]
[EventType "tourn"]
[EventRounds "10"]
[EventCountry "HUN"]
[EventCategory "2"]
[SourceTitle "CBM 158 Extra"]
[Source "ChessBase"]
[SourceDate "2014.02.28"]
[SourceVersion "1"]
[SourceVersionDate "2014.02.28"]
[SourceQuality "1"]

1. d4 Nf6 2. c4 c5 3. d5 b5 4. cxb5 a6 5. bxa6 Bxa6 6. Nc3 d6 7. g3 g6 8. Bg2 Bg7 9. Nf3 Nbd7 10. Rb1 0-0 11. 0-0 Qa5 12. Bd2 Rfb8 13. Qc2 Qd8 14. b3 Nb6 15. Nh4 Bb7 16. e4 Ba6 17. Rfd1 Nbd7 18. h3 Ne5 19. Be3 Qa5 20. f4 Nfg4 21. hxg4 Nxg4 22. Bd2 Bd4+ 23. Kh1 Bd3 24. Qb2 Nf2+ 25. Kh2 c4 26. Nf3 Nxd1 27. Rxd1 Bxc3 28. Qxc3 Qxc3 29. Bxc3 Rxa2 30. bxc4 Bxe4 31. Ne1 Bxg2 32. Nxg2 Rc2 33. Bd4 Rxc4 34. Ne3 Ra4 35. Kg2 Rbb4 36. Ba1 f5 37. Kf3 h5 38. Bc3 Re4 39. Be1 h4 40. Bf2 hxg3 41. Bxg3 g5 42. Ng2 Ra3+ 43. Kf2 Ra2+ 44. Kf1 Ree2 45. Ne1 gxf4 46. Bh4 Rh2 0-1

[Event "Kecskemet Caissa IM 12"]
[Site "Kecskemet"]
[Date "2013.12.19"]
[Round "4"]
[White "Farkas, Tibor"]
[Black "Sarosi, Zoltan"]
[Result "1/2-1/2"]
[WhiteElo "2252"]
[BlackElo "2250"]
[PlyCount "27"]
[EventDate "2013.12.17"]
[EventType "tourn"]
[EventRounds "10"]
[EventCountry "HUN"]
[EventCategory "2"]
[SourceTitle "CBM 158 Extra"]
[Source "ChessBase"]
[SourceDate "2014.02.28"]
[SourceVersion "1"]
[SourceVersionDate "2014.02.28"]
[SourceQuality "1"]

1. e4 e6 2. d4 d5 3. Nd2 c5 4. exd5 Qxd5 5. Ngf3 cxd4 6. Bc4 Qc5 7. Qe2 Nc6 8. 0-0 Nf6 9. Nb3 Qb6 10. Bg5 Bd7 11. Rad1 h6 12. Bf4 Bc5 13. Nxc5 Qxc5 14. Bb3 1/2-1/2

[Event "Kecskemet Caissa IM 12"]
[Site "Kecskemet"]
[Date "2013.12.18"]
[Round "2"]
[White "Sarosi, Zoltan"]
[Black "Antal, Tibor Kende"]
[Result "1/2-1/2"]
[WhiteElo "2250"]
[BlackElo "2307"]
[PlyCount "65"]
[EventDate "2013.12.17"]
[EventType "tourn"]
[EventRounds "10"]
[EventCountry "HUN"]
[EventCategory "2"]
[SourceTitle "CBM 158 Extra"]
[Source "ChessBase"]
[SourceDate "2014.02.28"]
[SourceVersion "1"]
[SourceVersionDate "2014.02.28"]
[SourceQuality "1"]

1. d4 d5 2. Nf3 Nf6 3. c4 c6 4. Nc3 e6 5. e3 Nbd7 6. b3 Bb4 7. Bd2 Qe7 8. Be2 0-0 9. 0-0 b6 10. Qc1 Bb7 11. a3 Bd6 12. Qb2 a6 13. b4 dxc4 14. Bxc4 e5 15. h3 Rab8 16. Qa2 c5 17. Nd5 Nxd5 18. Bxd5 e4 19. Bxb7 Rxb7 20. Ne1 cxd4 21. exd4 Rc7 22. Nc2 b5 23. Ne3 Nb6 24. Rac1 Rfc8 25. Rxc7 Rxc7 26. Rc1 Rxc1+ 27. Bxc1 Qc7 28. Bd2 Nc4 29. Nxc4 bxc4 30. Qc2 Qc6 31. g3 f5 32. Kf1 Qd5 33. Qc3 1/2-1/2

[Event "Kecskemet Caissa IM 11"]
[Site "Kecskemet"]
[Date "2013.11.25"]
[Round "10"]
[White "Sarosi, Zoltan"]
[Black "Lyell, Mark"]
[Result "0-1"]
[WhiteElo "2256"]
[BlackElo "2274"]
[PlyCount "152"]
[EventDate "2013.11.16"]
[EventType "tourn"]
[EventRounds "10"]
[EventCountry "HUN"]
[EventCategory "2"]
[SourceTitle "CBM 157 Extra"]
[Source "ChessBase"]
[SourceDate "2013.12.19"]
[SourceVersion "1"]
[SourceVersionDate "2013.12.19"]
[SourceQuality "1"]

1. d4 f5 2. g3 Nf6 3. Bg2 e6 4. Nd2 c5 5. Ngf3 cxd4 6. Nxd4 Nc6 7. e3 Qc7 8. 0-0 a6 9. c4 Be7 10. b3 0-0 11. Bb2 Rb8 12. Rc1 Nb4 13. Ra1 b5 14. cxb5 Nd3 15. Rb1 Nxb2 16. Rxb2 axb5 17. Qe2 Ba3 18. Rc2 Qb6 19. Nb1 Bc5 20. Rd1 Ba6 21. Bf1 Nd5 22. a3 f4 23. b4 Bxd4 24. exd4 fxg3 25. hxg3 Rf5 26. Bg2 Rbf8 27. Nc3 Nxc3 28. Rxc3 Bb7 29. Rc5 Bxg2 30. Kxg2 Rxf2+ 31. Qxf2 Rxf2+ 32. Kxf2 d6 33. Rc3 h6 34. Re3 Qc6 35. Rde1 Qd5 36. Rxe6 Qxd4+ 37. R1e3 d5 38. Rd6 Qd2+ 39. Re2 Qd4+ 40. Re3 Kh7 41. Ke2 h5 42. Rd8 Qg4+ 43. Kf2 Qf5+ 44. Ke2 Qc2+ 45. Ke1 Qc1+ 46. Ke2 Qb2+ 47. Ke1 d4 48. Rd3 Qc1+ 49. Ke2 Qc2+ 50. Rd2 Qe4+ 51. Kd1 Qf3+ 52. Kc2 Qxg3 53. R8xd4 Qxa3 54. R2d3 Qa2+ 55. Kc3 Qf2 56. Rd5 Qe1+ 57. Kb3 Qe8 58. R3d4 g6 59. Kc3 Kh6 60. Kd3 Qe1 61. Rd8 Kg5 62. Re4 Qg3+ 63. Re3 Qf4 64. Rd4 Qf1+ 65. Kc3 Qc1+ 66. Kd3 Qf1+ 67. Kc3 Qf2 68. Ree4 Qf3+ 69. Kd2 h4 70. Re5+ Kf6 71. Rxb5 Qf2+ 72. Kc3 h3 73. Rb6+ Kg7 74. Rb7+ Kh6 75. Rd3 Qe1+ 76. Kc4 Qe4+ 0-1